Manual de organización del gobierno federal 1969-1970 / (Record no. 36461)
[ view plain ]
| 000 -CABECERA | |
|---|---|
| campo de control de longitud fija | 00660nam a2200181 a 4500 |
| 005 - FECHA Y HORA DE LA ÚLTIMA TRANSACCIÓN | |
| campo de control | 20240919063818.0 |
| 008 - ELEMENTOS DE LONGITUD FIJA--INFORMACIÓN GENERAL | |
| campo de control de longitud fija | 991125s1969 mx 000 0 spa u |
| 035 ## - NÚMERO DE CONTROL DEL SISTEMA | |
| Número de control de sistema | UPN01000036461 |
| 049 ## - COLECCIÓN | |
| Colección | C |
| 050 #4 - SIGNATURA TOPOGRÁFICA DE LA BIBLIOTECA DEL CONGRESO | |
| Número de clasificación | JL1231 M46 |
| Número de documento/Ítem | S4.4 |
| 245 00 - MENCIÓN DE TÍTULO | |
| Título | Manual de organización del gobierno federal 1969-1970 / |
| Mención de responsabilidad, etc. | Secretaría de la Presidencia, Comisión de Administración Pública |
| 260 ## - PUBLICACIÓN, DISTRIBUCIÓN, ETC. | |
| Lugar de publicación, distribución, etc. | México : |
| Nombre del editor, distribuidor, etc. | Secretaría de la Presidencia, |
| Fecha de publicación, distribución, etc. | 1969 |
| 300 ## - DESCRIPCIÓN FÍSICA | |
| Extensión | 786 p., [8] h. pleg. |
| 651 #4 - ASIENTO SECUNDARIO DE MATERIA - NOMBRE GEOGRAFICO | |
| Nombre geográfico | México |
| Subdivisión general | Política y gobierno |
| 9 (RLIN) | 4512 |
| 710 2# - ASIENTO SECUNDARIO - NOMBRE CORPORATIVO | |
| Nombre de entidad corporativa o nombre de jurisdicción como elemento de entrada | México. |
| Unidad subordinada | Secretaría de la Presidencia. |
| -- | Comisión de Administración Pública |
| 904 ## - ELEMENTOS DE DATOS D LOCAL, LDD (RLIN) | |
| a | AC |
| b | 036462 |
| 905 ## - TIPO DE MATERIAL | |
| Tipo de material | Libro |
| Estado de retiro | Estado de pérdida | Fuente del sistema de clasificación o colocación | Estado dañado | No para préstamo | Código de colección | Localización permanente | Ubicación/localización actual | Ubicación en estantería | Enumeración/cronología de publicación seriada | Total de préstamos | Clasificación | Código de barras | Fecha visto por última vez | Número de copia | Tipo de ítem Koha |
|---|---|---|---|---|---|---|---|---|---|---|---|---|---|---|---|
| Library of Congress Classification | Consulta | Consulta | Bib. Gregorio Torres Quintero | Bib. Gregorio Torres Quintero | Sala de lectura Sótano | - | JL1231 M46 S4.4 | 4704 | 31/12/2020 | 1 | Libro |
